000 00539nam a22001817a 4500
005 20251108165914.0
008 250721s1981 xx 000 0 ara d
082 1 4 _aط/599.82/بمب
100 1 _aبمبرتون، جون لي
245 1 0 _aالقرود /
264 1 _aبيروت :
_bمكتبة لبنان،
_c1981.
300 _a51ص : مص
490 0 _aليديبرد : سلسلة الكتب الرائدة ؛29
650 1 7 _aالقرود
653 _aناشئون صغار (10-14) سنة
942 _2ddc
_cBK
999 _c34433
_d34433